[Event "Kolkata Open"]
[Site "Kolkata IND"]
[Date "2012.12.03"]
[EventDate "2012.12.03"]
[Round "1"]
[Result "1-0"]
[White "Baskaran Adhiban"]
[Black "Ponnuswamy Konguvel"]
[WhiteElo "2567"]
[BlackElo "2359"]
[PlyCount "137"]

1. c4 g6 2. Nc3 c5 3. g3 Bg7 4. Bg2 Nc6 5. Nf3 e5 6. a3 a5
7. O-O Nge7 8. Ne1 d6 9. Nc2 O-O 10. Ne3 Rb8 11. Rb1 f5
12. Ned5 Nxd5 13. cxd5 Ne7 14. b4 cxb4 15. axb4 Bd7 16. Ba3
axb4 17. Bxb4 Be8 18. Qb3 Qd7 19. Qa3 Rd8 20. Rfc1 Bf7 21. Qa5
Ra8 22. Qb5 Rfd8 23. d3 Ra6 24. Qxd7 Rxd7 25. Ra1 Rb6 26. Ra8+
Bf8 27. Ba5 Rb2 28. Na4 Rb5 29. Nb6 Rxb6 30. Bxb6 Nxd5 31. Ba5
Kg7 32. Rb1 b6 33. Bxb6 Nxb6 34. Rxb6 d5 35. Ra1 e4 36. Rab1
Rc7 37. Rb7 Rc2 38. e3 Kf6 39. R1b6+ Be6 40. dxe4 Rc1+ 41. Bf1
fxe4 42. Rb1 Rc2 43. Rxh7 Ke5 44. Bh3 Bxh3 45. Rxh3 d4
46. exd4+ Kxd4 47. Rd1+ Ke5 48. Rh8 Bc5 49. Re8+ Kf5 50. Rd5+
Kf6 51. Rxe4 Bxf2+ 52. Kf1 Bc5 53. Re2 Rc3 54. Kg2 Be3 55. Ra2
Rc6 56. Rd3 Bc1 57. Rf2+ Kg7 58. Rd7+ Kh6 59. Re2 Rb6 60. Kh3
Bb2 61. Rde7 Rb5 62. R7e4 Bf6 63. Kg4 Rb3 64. Re6 Bg7 65. h4
Rb5 66. R2e4 Ra5 67. Rc6 Kh7 68. Re7 Ra4+ 69. Kh3 1-0

[Event "Kolkata Open"]
[Site "Kolkata IND"]
[Date "2012.12.04"]
[EventDate "2012.12.03"]
[Round "2"]
[Result "1/2-1/2"]
[White "Sunil Dhopade Swapnil"]
[Black "Baskaran Adhiban"]
[WhiteElo "2438"]
[BlackElo "2567"]
[PlyCount "58"]

1. d4 Nf6 2. c4 e6 3. Nf3 d5 4. Nc3 c6 5. Bg5 h6 6. Bxf6 Qxf6
7. e3 g6 8. Be2 Bg7 9. e4 dxe4 10. Nxe4 Qf4 11. Qc2 Nd7
12. O-O O-O 13. c5 b6 14. cxb6 Nxb6 15. Rfd1 Bd7 16. Nc5 Rfd8
17. g3 Qc7 18. h4 Be8 19. Rac1 Rd5 20. Nb3 Rad8 21. Bd3 R5d6
22. Qe2 Nd5 23. Ne5 Ne7 24. Rc5 Qb8 25. Rdc1 Rd5 26. Be4 Rxc5
27. Rxc5 Qb4 28. Qc2 Rb8 29. Kg2 Rd8 1/2-1/2

[Event "Kolkata Open"]
[Site "Kolkata IND"]
[Date "2012.12.05"]
[EventDate "2012.12.03"]
[Round "3"]
[Result "0-1"]
[White "Baskaran Adhiban"]
[Black "Kantholi Rathnakaran"]
[WhiteElo "2567"]
[BlackElo "2435"]
[PlyCount "76"]

1. d4 Nf6 2. c4 g6 3. Nc3 Bg7 4. e4 d6 5. Nf3 O-O 6. Be2 Nbd7
7. O-O e5 8. Be3 Ng4 9. Bg5 f6 10. Bh4 Nh6 11. dxe5 dxe5
12. b4 a5 13. a3 axb4 14. axb4 Rxa1 15. Qd5+ Nf7 16. Rxa1 g5
17. Bg3 f5 18. exf5 e4 19. Nxg5 Qxg5 20. Nxe4 Qe7 21. Rd1 Nf6
22. Nxf6+ Bxf6 23. Bh5 c6 24. Qf3 Qxb4 25. Bh4 Qe7 26. Bxf7+
Qxf7 27. Bxf6 Qxf6 28. g4 Be6 29. Qf4 Qh4 30. Rd4 c5 31. Re4
Bd7 32. Qd6 Bc6 33. Qe6+ Kg7 34. Qe5+ Qf6 35. g5 Qxe5 36. Rxe5
Re8 37. f4 Rxe5 38. fxe5 Be4 0-1

[Event "Kolkata Open"]
[Site "Kolkata IND"]
[Date "2012.12.06"]
[EventDate "2012.12.03"]
[Round "4"]
[Result "1/2-1/2"]
[White "Dinesh Sharma"]
[Black "Baskaran Adhiban"]
[WhiteElo "2387"]
[BlackElo "2567"]
[PlyCount "74"]

1. e4 c5 2. Nf3 d6 3. d4 cxd4 4. Nxd4 Nf6 5. Nc3 a6 6. Be3 Ng4
7. Bc1 Nf6 8. Be3 e5 9. Nf3 Be7 10. Bc4 O-O 11. O-O Nc6
12. Re1 Be6 13. Bb3 Na5 14. Bg5 Rc8 15. Bxf6 Bxf6 16. Re2 Nc4
17. Bxc4 Rxc4 18. Nd5 Rc6 19. Qd3 Bg5 20. Nxg5 Qxg5 21. Rd1
Rfc8 22. c3 Rc5 23. Qe3 Qxe3 24. Nxe3 R5c6 25. Nd5 Kf8
26. Red2 Rd8 27. f3 h5 28. Kf2 g6 29. Ke3 f5 30. f4 Rc4
31. exf5 gxf5 32. g3 Kf7 33. Kf2 Rcc8 34. Ne3 Ke7 35. Nd5+ Kf7
36. Ne3 Ke7 37. Nd5+ Kf7 1/2-1/2

[Event "Kolkata Open"]
[Site "Kolkata IND"]
[Date "2012.12.07"]
[EventDate "2012.12.03"]
[Round "5"]
[Result "1-0"]
[White "Baskaran Adhiban"]
[Black "Emmanuel Senador"]
[WhiteElo "2567"]
[BlackElo "2352"]
[PlyCount "59"]

1. d4 Nf6 2. c4 e6 3. Nf3 c5 4. Nc3 a6 5. e4 cxd4 6. Nxd4 d6
7. g3 b6 8. Bg2 Bb7 9. O-O Qc7 10. Be3 Nbd7 11. Rc1 Be7
12. Nd5 Qd8 13. e5 exd5 14. exf6 Bxf6 15. Nf5 Qb8 16. Bxd5 O-O
17. Nh6+ Kh8 18. Nxf7+ Rxf7 19. Bxf7 Bxb2 20. Rb1 Bf6 21. Bxb6
Be4 22. Bd5 Bxb1 23. Qxb1 Qf8 24. Bxa8 Qxa8 25. Re1 g6 26. Re6
Kg7 27. Rxd6 Ne5 28. Rxf6 Kxf6 29. Bd4 Qc6 30. f4 1-0

[Event "Kolkata Open"]
[Site "Kolkata IND"]
[Date "2012.12.08"]
[EventDate "2012.12.03"]
[Round "6"]
[Result "1/2-1/2"]
[White "G A Stany"]
[Black "Baskaran Adhiban"]
[WhiteElo "2437"]
[BlackElo "2567"]
[PlyCount "191"]

1. e4 e5 2. Nf3 Nc6 3. Bb5 a6 4. Ba4 Nf6 5. O-O Be7 6. Re1 b5
7. Bb3 O-O 8. c3 d5 9. exd5 Nxd5 10. Nxe5 Nxe5 11. Rxe5 c6
12. d4 Bd6 13. Re1 Qh4 14. g3 Qh3 15. Qe2 Bg4 16. Qf1 Qh5
17. Nd2 f5 18. f3 Bh3 19. Qf2 Kh8 20. Bxd5 cxd5 21. Nb3 g5
22. Nc5 Rae8 23. Ne6 f4 24. g4 Bxg4 25. Nxf8 Rxe1+ 26. Qxe1
Bxf3 27. Qe6 Bxf8 28. Qf6+ Kg8 29. Qe6+ Kg7 30. Qe5+ Kg8
31. Qe6+ Qf7 32. Qxf7+ Kxf7 33. Bd2 Bg7 34. a4 b4 35. a5 b3
36. Ra3 Bd1 37. Ra4 Be2 38. Rb4 Bc4 39. Rb6 Bf6 40. h4 h6
41. h5 f3 42. Kf2 g4 43. Rxf6+ Kxf6 44. Bxh6 Bb5 45. Bd2 Be8
46. h6 Bg6 47. Ke3 Kg5 48. Kf2+ Kh4 49. Bf4 Be4 50. Be5 Kg5
51. Bg7 Bh7 52. Be5 Kxh6 53. Bg3 Kg5 54. Ke3 Kf5 55. Bf2 Bg6
56. Bg3 Be8 57. Bf2 Bb5 58. Bg3 Be2 59. Bf2 Bd1 60. Bg3 Be2
61. Bf2 Bb5 62. Bg3 Bc6 63. Bf2 Bd7 64. Bg3 Ke6 65. Kf2 Bc8
66. Bh2 Kd7 67. Bg3 Kc6 68. Bf4 Bd7 69. Bg3 Be6 70. Bf4 Bf5
71. Bg3 Be4 72. Bf4 Kb5 73. Bc7 Bf5 74. Ke3 Bg6 75. Kf2 Be4
76. Ke3 g3 77. Bxg3 Kxa5 78. Bd6 Kb5 79. Bf8 a5 80. Be7 a4
81. Bf8 Kc6 82. Ba3 Kd7 83. Bb4 Ke6 84. Ba3 Kf5 85. Bd6 Kg4
86. Kf2 Bh7 87. Ba3 Kf4 88. Bd6+ Ke4 89. Ba3 Bg6 90. Bd6 Bh5
91. Ba3 Kd3 92. Bb4 Kc2 93. Ba3 Bg4 94. Ke3 Kd1 95. Kf2 Bh5
96. Bb4 1/2-1/2

[Event "Kolkata Open"]
[Site "Kolkata IND"]
[Date "2012.12.09"]
[EventDate "2012.12.03"]
[Round "7"]
[Result "1-0"]
[White "Baskaran Adhiban"]
[Black "Mishra Swayams"]
[WhiteElo "2567"]
[BlackElo "2439"]
[PlyCount "59"]

1. c4 Nf6 2. Nc3 d5 3. cxd5 Nxd5 4. d4 e6 5. e4 Nxc3 6. bxc3
b6 7. Nf3 Bb7 8. Bb5+ c6 9. Bd3 Be7 10. O-O O-O 11. a4 c5
12. a5 c4 13. Bxc4 Bxe4 14. Re1 Bd5 15. Bxd5 Qxd5 16. axb6
axb6 17. c4 Qb7 18. Rxa8 Qxa8 19. d5 Bb4 20. Bd2 Bxd2 21. Qxd2
exd5 22. cxd5 Nd7 23. d6 Rd8 24. Rd1 Nc5 25. h3 h6 26. Qb2 Qa4
27. Rd5 Qb3 28. Qe5 Qb1+ 29. Kh2 Qe4 30. Rxc5 1-0

[Event "Kolkata Open"]
[Site "Kolkata IND"]
[Date "2012.12.12"]
[EventDate "2012.12.03"]
[Round "10.7"]
[Result "1/2-1/2"]
[White "Baskaran Adhiban"]
[Black "Oliver Dimakiling"]
[WhiteElo "2567"]
[BlackElo "2453"]
[PlyCount "216"]

1. c4 e6 2. Nc3 Bb4 3. e4 c5 4. Nb5 Nc6 5. a3 Ba5 6. Qg4 Kf8
7. b4 cxb4 8. Nf3 d6 9. Qg3 e5 10. c5 dxc5 11. Nxe5 Qe7
12. Bb2 Nf6 13. Bc4 bxa3 14. Rxa3 Bxd2+ 15. Ke2 Bh6 16. Nd6
Nh5 17. Qc3 Nf4+ 18. Ke1 Nxg2+ 19. Kf1 Qxd6 20. Nxf7 Ne3+
21. fxe3 Qd1+ 22. Qe1 Qf3+ 23. Kg1 Bh3 24. Qg3 Qd1+ 25. Kf2
Qc2+ 26. Kf3 Qxb2 27. Rd1 Re8 28. Qxh3 Qc2 29. Qf1 Qxh2 30. e5
Ke7 31. Rad3 Nxe5+ 32. Nxe5 Rhf8+ 33. Nf7 Rxf7+ 34. Bxf7 Kxf7
35. Kg4+ Kg8 36. Rd8 Qe5 37. Qc4+ Kh8 38. Qxc5 Qe6+ 39. Kg3
Qg8 40. Rxe8 Qxe8 41. Rd7 Bg5 42. Rc7 h6 43. Rc8 Bd8 44. Kf3
Qf7+ 45. Ke2 Qa2+ 46. Kf3 Qf7+ 47. Ke2 Qa2+ 48. Kd3 Qb1+
49. Kd2 Qa2+ 50. Qc2 Qa5+ 51. Kd1 Kg8 52. Qd3 Qa1+ 53. Ke2
Qb2+ 54. Kf3 Qf6+ 55. Ke2 Qb2+ 56. Kf1 Qf6+ 57. Ke1 Qa1+
58. Qd1 Qa5+ 59. Qd2 Qa1+ 60. Kf2 Qf6+ 61. Ke2 Qa6+ 62. Qd3
Qa2+ 63. Kf1 Qa1+ 64. Kf2 Qf6+ 65. Ke2 Qb2+ 66. Qd2 Qb5+
67. Ke1 Qb1+ 68. Rc1 Bh4+ 69. Kd1 Qb3+ 70. Rc2 Bf6 71. Qd7 a5
72. Qc8+ Kf7 73. Qd7+ Kg6 74. Qg4+ Kf7 75. Qd7+ Kg6 76. Qg4+
Kf7 77. Qh5+ g6 78. Qxa5 h5 79. Qc7+ Be7 80. Qf4+ Kg7 81. Qe5+
Kf7 82. Qf4+ Kg7 83. Qe4 Bf6 84. Ke2 Qb5+ 85. Kf2 Qd7 86. Qf4
Bd8 87. Qe5+ Kh7 88. Qe4 h4 89. Kg2 b5 90. Rc6 Qf7 91. Qf3 Qd7
92. Rc5 b4 93. Rd5 Qe8 94. Qg4 Bf6 95. Qd7+ Qxd7 96. Rxd7+ Kh6
97. Rb7 Bc3 98. Kh3 Kh5 99. Rh7+ Kg5 100. Rxh4 b3 101. Rc4 b2
102. Rc5+ Kf6 103. Rb5 Ke6 104. Kg4 Kd6 105. Kg5 Kc6 106. Rb3
Kd5 107. Kxg6 Kc4 108. Rxb2 Bxb2 1/2-1/2

[Event "Kolkata Open"]
[Site "Kolkata IND"]
[Date "2012.12.13"]
[EventDate "2012.12.03"]
[Round "11.11"]
[Result "0-1"]
[White "Suri Vaibhav"]
[Black "Baskaran Adhiban"]
[WhiteElo "2494"]
[BlackElo "2567"]
[PlyCount "162"]

1. e4 c5 2. Nf3 d6 3. d4 cxd4 4. Nxd4 Nf6 5. Nc3 a6 6. Be2 e6
7. a4 Nc6 8. Be3 Be7 9. O-O O-O 10. f4 Qc7 11. Kh1 Re8 12. Qd2
Bd7 13. Nb3 Na5 14. Nxa5 Qxa5 15. Bf3 Rac8 16. Qd3 Bc6 17. Ne2
Red8 18. Nd4 Be8 19. c4 Nd7 20. Bd2 Qc7 21. b3 Bf6 22. Rab1
Nc5 23. Qe3 a5 24. Be1 Bxd4 25. Qxd4 e5 26. Qe3 exf4 27. Qxf4
Nd3 28. Qd2 Nxe1 29. Rbxe1 Bc6 30. Bh5 Rf8 31. Rf5 b6 32. Ref1
g6 33. R5f4 Rce8 34. Bf3 Re5 35. Rd1 Rd8 36. Qd4 Kg7 37. Kg1
Bb7 38. Qd2 Qc5+ 39. Kh1 h5 40. Rf1 Rd7 41. h4 Rde7 42. Qd3
Qc7 43. g3 Kg8 44. Kh2 Bc6 45. Rf2 R5e6 46. Bg2 Qb7 47. Rf6
Rxf6 48. Rxf6 Bxe4 49. Bxe4 Rxe4 50. Qf3 Qe7 51. Rxf7 Rxh4+
52. gxh4 Qxf7 53. Qe3 Qf6 54. Qxb6 Qxh4+ 55. Kg2 Qg4+ 56. Kf2
Qf4+ 57. Kg1 Qg3+ 58. Kh1 Qe1+ 59. Kg2 Qe2+ 60. Kg1 Qe5
61. Kg2 Kg7 62. b4 Qb2+ 63. Kf3 Qc3+ 64. Kg2 Qxb4 65. Qd4+ Kf7
66. Qf4+ Ke6 67. Qe4+ Kd7 68. Qxg6 Qd2+ 69. Kh3 Qc3+ 70. Kg2
Qd2+ 71. Kh3 Qc3+ 72. Kg2 Qxc4 73. Qf5+ Kc6 74. Qc8+ Kd5
75. Qf5+ Kd4 76. Qf2+ Ke5 77. Qg3+ Ke4 78. Qh4+ Kd3 79. Qg3+
Kc2 80. Qxd6 Qe2+ 81. Kh3 Qd3+ 0-1

[Event "ch-Commonwealth 2012"]
[Site "Chennai IND"]
[Date "2012.11.27"]
[EventDate "2012.11.23"]
[Round "7"]
[Result "1-0"]
[White "Sunilduth Lyna Narayanan"]
[Black "Baskaran Adhiban"]
[WhiteElo "2350"]
[BlackElo "2559"]
[PlyCount "62"]

1. d4 Nf6 2. c4 g6 3. Nc3 d5 4. Nf3 Bg7 5. Bg5 dxc4 6. e4 c5
7. d5 b5 8. e5 b4 9. exf6 exf6 10. Qe2+ Kf8 11. Be3 bxc3
12. bxc3 f5 13. Qxc4 Kg8 14. Be2 Ba6 15. Qxc5 Qe8 16. g3 Nd7
17. Qa5 Bxe2 18. Kxe2 Nb6 19. Nd2 Rd8 20. c4 Bxa1 21. Rxa1 Rc8
22. Rc1 h5 23. h4 f4 24. gxf4 Qe7 25. f5 Kh7 26. fxg6+ fxg6
27. d6 Qd7 28. Ne4 Rhf8 29. Qe5 Qg4+ 30. Kd3 Rce8 31. Qxe8
Rxe8 1-0

[Event "ch-Commonwealth 2012"]
[Site "Chennai IND"]
[Date "2012.11.29"]
[EventDate "2012.11.23"]
[Round "9"]
[Result "0-1"]
[White "Kelkar Abhishek"]
[Black "Baskaran Adhiban"]
[WhiteElo "2262"]
[BlackElo "2559"]
[PlyCount "106"]

1. e4 c5 2. Nf3 d6 3. d4 cxd4 4. Nxd4 Nf6 5. Nc3 Nc6 6. Bg5
Bd7 7. Qd2 h6 8. Bxf6 gxf6 9. O-O-O Nxd4 10. Qxd4 Qa5 11. f4
Rc8 12. Kb1 Qc5 13. Be2 Qxd4 14. Rxd4 f5 15. exf5 Bxf5 16. Bd3
Bd7 17. Re1 Kd8 18. Rb4 Bc6 19. Be4 d5 20. Bf3 e6 21. Rd4 Bd7
22. Bh5 Bg7 23. Rd3 Rf8 24. f5 Rc5 25. Rf1 Ke7 26. Ne2 e5
27. Nc3 Bc6 28. Rg3 Bf6 29. Rg4 e4 30. Ne2 Rc8 31. c3 Bb5
32. Re1 Bd3+ 33. Ka1 Rxc3 34. Nxc3 Rxc3 35. Rg3 Kd6 36. Bxf7
Rc2 37. Rg6 Ke7 38. Rxf6 Kxf6 39. Bxd5 Rxg2 40. Bxb7 Rxh2
41. a4 Kxf5 42. Ka2 Kf4 43. Kb3 Kf3 44. Rc1 Ke2 45. Kc3 e3
46. Ba6 Bxa6 47. Rc2+ Kd1 48. Rxh2 e2 49. Rh1+ e1=Q+ 50. Rxe1+
Kxe1 51. Kd4 Kf2 52. b4 h5 53. b5 Bb7 0-1

[Event "ch-Commonwealth 2012"]
[Site "Chennai IND"]
[Date "2012.11.30"]
[EventDate "2012.11.23"]
[Round "10"]
[Result "1-0"]
[White "Baskaran Adhiban"]
[Black "V A V Rajesh"]
[WhiteElo "2559"]
[BlackElo "2370"]
[PlyCount "112"]

1. d4 Nf6 2. c4 g6 3. Nc3 d5 4. cxd5 Nxd5 5. e4 Nxc3 6. bxc3
Bg7 7. Nf3 c5 8. Rb1 O-O 9. Be2 b6 10. O-O Bb7 11. d5 Nd7
12. c4 e5 13. Bg5 Qc7 14. Rb3 Qd6 15. Nd2 Nf6 16. a4 Bc8
17. a5 Bd7 18. Qa1 Rfb8 19. Rfb1 Ne8 20. Qb2 Rb7 21. axb6 a5
22. Be3 a4 23. Qa3 Bf8 24. R3b2 Rab8 25. Nf3 f6 26. Ne1 Rxb6
27. Rxb6 Rxb6 28. Rxb6 Qxb6 29. Nd3 Qb1+ 30. Qc1 Qb6 31. Bd1
Nc7 32. f4 exf4 33. Bxf4 Na6 34. e5 Bf5 35. Nf2 fxe5 36. Bxe5
Qb4 37. Bc3 Qxc4 38. Qe3 Qxd5 39. g4 Bd7 40. Bf3 Qe6 41. Ne4
Nc7 42. Nf6+ Kf7 43. Qf2 Ke7 44. Qxc5+ Qd6 45. Qa5 Kd8 46. Ne4
Qa6 47. Qe5 Qd3 48. Ba5 Qb1+ 49. Kg2 Qc2+ 50. Kh3 Kc8 51. Nc3
Ne6 52. Be2 Kb7 53. Qd5+ Bc6 54. Qxe6 Qb3 55. Bc4 Qa3 56. Ba6+
Kxa6 1-0

[Event "ch-Commonwealth 2012"]
[Site "Chennai IND"]
[Date "2012.12.01"]
[EventDate "2012.11.23"]
[Round "11"]
[Result "0-1"]
[White "Sharma Himanshu"]
[Black "Baskaran Adhiban"]
[WhiteElo "2417"]
[BlackElo "2559"]
[PlyCount "78"]

1. e4 c5 2. Nc3 a6 3. g4 b5 4. Bg2 Bb7 5. d3 e6 6. Nh3 b4
7. Ne2 d5 8. Ng3 dxe4 9. Ng5 Nf6 10. N5xe4 Nxe4 11. Nxe4 f5
12. Nf6+ Qxf6 13. Bxb7 Ra7 14. Bg2 Bd6 15. g5 Qd8 16. a3 O-O
17. h4 b3 18. cxb3 Qb6 19. Be3 Nd7 20. Rc1 Qb5 21. f4 e5
22. O-O exf4 23. Bxf4 Bxf4 24. Rxf4 Ne5 25. Rc3 Rd7 26. Qe2
Qb8 27. h5 Rd4 28. Rxd4 cxd4 29. Rc1 Ng4 30. Bd5+ Kh8 31. Bf3
Re8 32. Qg2 Qf4 33. Rf1 Ne3 34. Bc6 Qh4 35. Qf3 Qxg5+ 36. Kf2
Rc8 37. Rh1 Ng4+ 38. Ke2 Ne5 39. Qg2 Qe3+ 0-1

[Event "Vizag GM Open 2012"]
[Site "Visakhapatnam IND"]
[Date "2012.10.31"]
[EventDate "2012.10.26"]
[Round "8.3"]
[Result "1-0"]
[White "Baskaran Adhiban"]
[Black "Aleksej Aleksandrov"]
[WhiteElo "2564"]
[BlackElo "2602"]
[PlyCount "101"]

1. e4 e5 2. Nf3 Nc6 3. Bc4 Bc5 4. c3 Nf6 5. d3 d6 6. Nbd2 O-O
7. O-O a6 8. Bb3 Re8 9. Nc4 h6 10. Be3 Bxe3 11. fxe3 Be6
12. Qe1 a5 13. a4 Nd7 14. d4 exd4 15. exd4 Nf6 16. Nfd2 d5
17. Ne3 dxe4 18. Rxf6 Qxf6 19. d5 Bxd5 20. Nxd5 Qe5 21. Ne3
Rad8 22. Qf2 Kh8 23. Ndc4 Qc5 24. Qxf7 Ne5 25. Qf5 c6 26. Bc2
Nf3+ 27. gxf3 Rd5 28. b4 axb4 29. cxb4 Qxc4 30. Nxc4 Rxf5
31. Bxe4 Rf6 32. Rd1 g5 33. Rd7 Rb8 34. Nd6 h5 35. Nf7+ Kg8
36. Rd8+ Rxd8 37. Nxd8 Rd6 38. Nxb7 Rd4 39. a5 Rxb4 40. a6 Ra4
41. Nc5 Ra5 42. Bxc6 Kf8 43. Bb7 Ke7 44. Nb3 Ra2 45. Nd4 Kf6
46. Nb5 Ra1+ 47. Kf2 Ra2+ 48. Ke3 Rxh2 49. a7 Ra2 50. a8=Q
Rxa8 51. Bxa8 1-0

[Event "Vizag GM Open 2012"]
[Site "Visakhapatnam IND"]
[Date "2012.11.01"]
[EventDate "2012.10.26"]
[Round "9.2"]
[Result "1/2-1/2"]
[White "Andrei Deviatkin"]
[Black "Baskaran Adhiban"]
[WhiteElo "2588"]
[BlackElo "2564"]
[PlyCount "50"]

1. d4 Nf6 2. Nf3 g6 3. Bg5 Bg7 4. e3 h6 5. Bh4 d6 6. Nbd2 O-O
7. Bd3 Qe8 8. c3 e5 9. Qc2 exd4 10. Bxf6 Bxf6 11. cxd4 Nc6
12. Be4 Qd7 13. a3 Ne7 14. O-O c6 15. Bd3 Qc7 16. b4 Bg7
17. h3 Be6 18. Rab1 Rfc8 19. Rfc1 Nd5 20. Ne4 Qe7 21. Qe2 a5
22. Nc3 Nxc3 23. Rxc3 axb4 24. axb4 c5 25. bxc5 dxc5 1/2-1/2

[Event "Moscow Open"]
[Site "Moscow RUS"]
[Date "2013.02.06"]
[EventDate "2013.02.02"]
[Round "5.2"]
[Result "1/2-1/2"]
[White "Baskaran Adhiban"]
[Black "Pavel Ponkratov"]
[WhiteElo "2547"]
[BlackElo "2584"]
[PlyCount "80"]

1. d4 Nf6 2. c4 e6 3. Nf3 d5 4. Nc3 Bb4 5. Bg5 Nbd7 6. e3 c5
7. cxd5 exd5 8. Be2 Qa5 9. O-O Bxc3 10. bxc3 c4 11. Nd2 Qxc3
12. a4 O-O 13. a5 Re8 14. Ra2 Qb4 15. Qc2 Qd6 16. Rb1 Qc6
17. Bf3 b5 18. axb6 Nxb6 19. Ra5 Bg4 20. Bxg4 Nxg4 21. h3 Nf6
22. Bxf6 Qxf6 23. Rbb5 a6 24. Rc5 Rec8 25. Rxc8+ Rxc8 26. Nb1
Ra8 27. Nc3 Qd6 28. Qa2 h6 29. Rxa6 Rxa6 30. Qxa6 Qb4 31. Nxd5
Nxd5 32. Qa8+ Kh7 33. Qxd5 Qb1+ 34. Kh2 c3 35. Qc5 c2 36. Qf5+
Kg8 37. Qc8+ Kh7 38. Qf5+ Kg8 39. Qc8+ Kh7 40. Qf5+ Kg8
1/2-1/2

[Event "Moscow Open"]
[Site "Moscow RUS"]
[Date "2013.02.04"]
[EventDate "2013.02.02"]
[Round "3.13"]
[Result "1-0"]
[White "Baskaran Adhiban"]
[Black "Ghosh Diptayan"]
[WhiteElo "2547"]
[BlackElo "2427"]
[PlyCount "81"]

1. e4 e6 2. d4 d5 3. Nc3 Nf6 4. Bg5 dxe4 5. Nxe4 Be7 6. Bxf6
gxf6 7. Nf3 a6 8. g3 b5 9. Bg2 Bb7 10. Qe2 Nd7 11. O-O O-O
12. Rfd1 Bd5 13. b3 b4 14. c4 bxc3 15. Nxc3 c6 16. Rac1 a5
17. Nd2 Kh8 18. Qh5 f5 19. Nc4 Bf6 20. Na4 Ra7 21. Nd6 Nb8
22. Nc4 Nd7 23. Nc5 Bxc4 24. Rxc4 Nb6 25. Rcc1 Nd5 26. Ne4 Bg7
27. Ng5 h6 28. Nf3 Rc7 29. Ne5 Qd6 30. Rc4 c5 31. Bxd5 exd5
32. Rcc1 cxd4 33. Rxc7 Qxc7 34. Nf3 Qc2 35. Nxd4 Qxa2 36. Nxf5
Kh7 37. Rd4 Qc2 38. Rg4 Qc1+ 39. Kg2 Bf6 40. f4 Bg5 41. Rxg5
1-0

[Event "Moscow Open"]
[Site "Moscow RUS"]
[Date "2013.02.05"]
[EventDate "2013.02.02"]
[Round "4.3"]
[Result "0-1"]
[White "Chanda Sandipan"]
[Black "Baskaran Adhiban"]
[WhiteElo "2590"]
[BlackElo "2547"]
[PlyCount "136"]

1. d4 Nf6 2. c4 g6 3. Nc3 d5 4. Nf3 Bg7 5. Qb3 dxc4 6. Qxc4
O-O 7. e4 Nc6 8. Be2 e5 9. d5 Nd4 10. Nxd4 exd4 11. Qxd4 c6
12. Qc4 b5 13. Qxc6 Bd7 14. Qd6 Re8 15. f3 Nh5 16. Be3 Be5
17. Qa6 Nf4 18. Bxf4 Bxf4 19. g3 Be3 20. Bxb5 Rb8 21. Bxd7
Qxd7 22. Qd3 Bc5 23. O-O-O Rb4 24. Rd2 Reb8 25. Rc2 Qb7 26. b3
a5 27. Rd1 Qb6 28. d6 Rd4 29. Qe2 Ba3+ 30. Kb1 a4 31. Rxd4
axb3 32. Qb5 bxc2+ 33. Kxc2 Qxd4 34. Qxb8+ Kg7 35. d7 Qxd7
36. Qe5+ f6 37. Qa5 Bd6 38. Qd5 Qc7 39. a4 Be5 40. Qd3 g5
41. g4 h5 42. gxh5 Kh6 43. Kb3 Qb7+ 44. Qb5 Qf7+ 45. Nd5 Qxh5
46. Qe2 Qf7 47. a5 Qb7+ 48. Nb6 Bd4 49. Qb5 g4 50. Kc4 Be5
51. a6 Qc7+ 52. Qc5 gxf3 53. Qxc7 Bxc7 54. Nd5 f2 55. Ne3 Bb6
56. Nf1 Kg5 57. Kd5 Kf4 58. Kc4 Kxe4 59. Kc3 Kf3 60. Kd3 Kg2
61. Ke2 f5 62. Nd2 f4 63. Kd3 Be3 64. Kc2 f3 65. h4 f1=Q
66. Nxf1 Kxf1 67. h5 Ke2 68. h6 f2 0-1

[Event "Moscow Open"]
[Site "Moscow RUS"]
[Date "2013.02.07"]
[EventDate "2013.02.02"]
[Round "6.2"]
[Result "1/2-1/2"]
[White "Rauf Mamedov"]
[Black "Baskaran Adhiban"]
[WhiteElo "2651"]
[BlackElo "2547"]
[PlyCount "63"]

1. e4 e5 2. Nf3 Nc6 3. Bb5 a6 4. Ba4 d6 5. d4 b5 6. Bb3 Nxd4
7. Nxd4 exd4 8. Bd5 Rb8 9. Qxd4 Nf6 10. O-O Be7 11. Bc6+ Bd7
12. Bxd7+ Qxd7 13. Rd1 Qc6 14. Nc3 O-O 15. Bg5 Rfe8 16. a3 h6
17. Bd2 a5 18. Qd3 b4 19. axb4 axb4 20. Nd5 Nxd5 21. exd5 Qb5
22. c4 bxc3 23. Bxc3 Bf6 24. Qxb5 Rxb5 25. g3 Bxc3 26. bxc3
Rc5 27. Rd3 Re5 28. Rad1 Re2 29. Rc1 Re5 30. Rcd1 Re2 31. Rc1
Re5 32. Rcd1 1/2-1/2

[Event "Moscow Open"]
[Site "Moscow RUS"]
[Date "2013.02.08"]
[EventDate "2013.02.02"]
[Round "7.5"]
[Result "1/2-1/2"]
[White "Baskaran Adhiban"]
[Black "Surya Shekhar Ganguly"]
[WhiteElo "2547"]
[BlackElo "2626"]
[PlyCount "82"]

1. c4 Nf6 2. Nc3 e6 3. e4 d5 4. e5 d4 5. exf6 dxc3 6. bxc3
Qxf6 7. Nf3 e5 8. d4 exd4 9. Bg5 Qe6+ 10. Be2 Be7 11. Bxe7 d3
12. O-O Qxe7 13. Bxd3 O-O 14. Re1 Qf6 15. Be4 Nc6 16. Nd4 Nxd4
17. Qxd4 Qxd4 18. cxd4 Rb8 19. Bf3 Rd8 20. Re7 Be6 21. d5 Rd7
22. Rxd7 Bxd7 23. c5 Kf8 24. h4 h6 25. Rb1 Bf5 26. Rb3 b6
27. g4 Bg6 28. Rc3 Ke8 29. cxb6 cxb6 30. Rc7 a5 31. a4 Bb1
32. d6 Ba2 33. Bc6+ Kf8 34. d7 Be6 35. Rb7 Rd8 36. g5 Ke7
37. Rxb6 Bxd7 38. gxh6 Bxc6 39. Rxc6 gxh6 40. Rc5 Rd4 41. Rxa5
Rxh4 1/2-1/2

[Event "Moscow Open"]
[Site "Moscow RUS"]
[Date "2013.02.09"]
[EventDate "2013.02.02"]
[Round "8.7"]
[Result "1-0"]
[White "Pavel Smirnov"]
[Black "Baskaran Adhiban"]
[WhiteElo "2618"]
[BlackElo "2547"]
[PlyCount "51"]

1. Nf3 Nf6 2. c4 c5 3. Nc3 Nc6 4. g3 d5 5. d4 dxc4 6. d5 Nb4
7. e4 b5 8. Nxb5 Qa5 9. Bxc4 Nc2+ 10. Ke2 a6 11. Bd2 Qb6
12. Nc7+ Qxc7 13. Qxc2 Bg4 14. Bf4 Qb7 15. h3 Bxf3+ 16. Kxf3
Nd7 17. Qb3 Qb4 18. Qxb4 cxb4 19. Rac1 g5 20. Bxg5 Bg7 21. Bb3
Bxb2 22. Rc7 Be5 23. Rb7 Bd6 24. Be3 Rb8 25. Ra7 O-O 26. Rxd7
1-0

[Event "Moscow Open"]
[Site "Moscow RUS"]
[Date "2013.02.10"]
[EventDate "2013.02.02"]
[Round "9.11"]
[Result "1/2-1/2"]
[White "Baskaran Adhiban"]
[Black "Vasif Durarbayli"]
[WhiteElo "2547"]
[BlackElo "2598"]
[PlyCount "68"]

1. d4 d5 2. c4 c6 3. Nc3 Nf6 4. Nf3 e6 5. Bg5 h6 6. Bxf6 Qxf6
7. e3 g6 8. Qc2 Nd7 9. a3 Bg7 10. e4 dxe4 11. Nxe4 Qe7 12. c5
O-O 13. Bc4 b6 14. b4 f5 15. Nc3 bxc5 16. bxc5 Kh7 17. O-O e5
18. Rae1 Re8 19. Bd3 Qf7 20. h4 exd4 21. h5 Nxc5 22. Rxe8 Nxd3
23. Qxd3 Qxe8 24. Re1 Qd7 25. hxg6+ Kxg6 26. Ne2 Kh7 27. Nf4
c5 28. Nh5 c4 29. Qxc4 Bb7 30. Qb4 Be4 31. Nh4 Rg8 32. f3 Qd8
33. g3 Bf8 34. Qc4 Qxh4 1/2-1/2

[Event "Tradewise Gibraltar"]
[Site "Caleta ENG"]
[Date "2014.01.28"]
[EventDate "2014.01.28"]
[Round "1.29"]
[Result "0-1"]
[White "Olga Dolzhikova"]
[Black "Baskaran Adhiban"]
[WhiteElo "2203"]
[BlackElo "2590"]
[PlyCount "64"]

1. e4 c5 2. c3 Nf6 3. e5 Nd5 4. g3 Nc6 5. Bg2 e6 6. Qe2 g6
7. Nf3 Bg7 8. O-O d6 9. exd6 Qxd6 10. Na3 O-O 11. Rd1 b6
12. d4 cxd4 13. Nb5 Ba6 14. c4 Qc5 15. Nd2 Ne5 16. Nb3 Qb4
17. N3xd4 Bxb5 18. cxb5 Rac8 19. f4 Rc4 20. Nb3 Nd7 21. Bd2
Qa4 22. Be1 Rfc8 23. Bxd5 exd5 24. Rxd5 Nf6 25. Rd2 Re4
26. Qd3 Rce8 27. Bf2 Ng4 28. Bd4 Rxd4 29. Nxd4 Rd8 30. b4 Rxd4
31. Qxd4 Bxd4+ 32. Rxd4 Qc2 0-1

[Event "Tradewise Gibraltar"]
[Site "Caleta ENG"]
[Date "2014.01.29"]
[EventDate "2014.01.28"]
[Round "2.25"]
[Result "1-0"]
[White "Baskaran Adhiban"]
[Black "Arno Zude"]
[WhiteElo "2590"]
[BlackElo "2400"]
[PlyCount "107"]

1. e4 e5 2. Nf3 Nc6 3. Bb5 a6 4. Ba4 Nf6 5. O-O Be7 6. Re1 b5
7. Bb3 d6 8. c3 O-O 9. h3 Nb8 10. d4 Nbd7 11. Nbd2 Bb7 12. Bc2
Re8 13. Nf1 Bf8 14. Ng3 g6 15. Bg5 c5 16. d5 c4 17. b4 cxb3
18. axb3 Be7 19. Be3 Qc7 20. Ne2 Nc5 21. Nd2 Rec8 22. Qb1 a5
23. b4 axb4 24. Rxa8 Rxa8 25. cxb4 Na4 26. Bd3 Qd7 27. Nb3 Bd8
28. Na5 Ba6 29. Rc1 Rc8 30. Nc6 Bb6 31. Bxb6 Nxb6 32. Nc3 Qb7
33. Bxb5 Kg7 34. Na5 Qa7 35. Bc6 Rb8 36. Bb5 Rc8 37. Nc6 Qb7
38. Qd3 Ra8 39. Bxa6 Qxa6 40. Qxa6 Rxa6 41. Na5 h5 42. f3 h4
43. Nb5 Nbxd5 44. exd5 Nxd5 45. Nc7 Nxc7 46. Rxc7 d5 47. Rc5
e4 48. Rxd5 exf3 49. gxf3 Ra8 50. Kf2 Kf6 51. f4 Ke6 52. Re5+
Kd7 53. Nc4 Ra1 54. Re1 1-0